[Event "Kalamazoo op"]
[Site "Kalamazoo"]
[Date "2003.10.26"]
[Round "5.6"]
[White "Gattinger, John"]
[Black "Homa, Seth"]
[Result "1/2-1/2"]
[WhiteElo "1710"]
[BlackElo "1888"]
[PlyCount "93"]
[EventDate "2003.10.25"]
[EventType "swiss"]
[EventRounds "5"]
[EventCountry "USA"]
[SourceTitle "EXT 2007"]
[Source "ChessBase"]
[SourceDate "2006.11.23"]
[SourceVersion "1"]
[SourceVersionDate "2006.11.23"]
[SourceQuality "1"]

1. d4 Nf6 2. c4 c5 3. d5 b5 4. cxb5 a6 5. bxa6 g6 6. Nc3 Bxa6 7. e4 Bxf1 8. Kxf1 d6 9. h4 h5 10. Rh3 Nbd7 11. f4 Qb6 12. Nf3 Ng4 13. Qe2 Bg7 14. Nh2 Nxh2+ 15. Rxh2 Nf6 16. Rh3 0-0 17. Nd1 Qa6 18. Qxa6 Rxa6 19. Nf2 Ra4 20. Re3 Rfa8 21. a3 Nd7 22. Rb1 Bd4 23. Re2 c4 24. Be3 Bf6 25. Nd1 Rb8 26. Rc2 Rxa3 27. Rxc4 Rab3 28. g3 Nb6 29. Bxb6 R8xb6 30. Kf2 Bxb2 31. Rxb2 Rxb2+ 32. Nxb2 Rxb2+ 33. Ke3 Rb3+ 34. Kf2 Rb7 35. Rc3 Kg7 36. Kf3 f6 37. Ke3 Kf7 38. Kf3 e6 39. dxe6+ Kxe6 40. g4 hxg4+ 41. Kxg4 Rb4 42. Re3 Ra4 43. h5 gxh5+ 44. Kxh5 Ra1 45. Kg4 Rg1+ 46. Kf3 Rf1+ 47. Kg3 1/2-1/2

[Event "Detroit op"]
[Site "Detroit"]
[Date "2003.02.15"]
[Round "3"]
[White "Gattinger, John"]
[Black "Nolan, Dan"]
[Result "1-0"]
[WhiteElo "1571"]
[BlackElo "1241"]
[PlyCount "77"]
[EventDate "2003.02.15"]
[EventType "swiss"]
[EventRounds "4"]
[EventCountry "USA"]
[SourceTitle "EXT 2007"]
[Source "ChessBase"]
[SourceDate "2006.11.23"]
[SourceVersion "1"]
[SourceVersionDate "2006.11.23"]
[SourceQuality "1"]

1. d4 d5 2. c4 e6 3. Nc3 Bb4 4. Nf3 Nf6 5. Bg5 Nc6 6. e3 0-0 7. Rc1 Re8 8. a3 Bxc3+ 9. Rxc3 dxc4 10. Bxc4 a6 11. 0-0 e5 12. dxe5 Qxd1 13. Rxd1 Nxe5 14. Nxe5 Rxe5 15. Rd8+ Re8 16. Bxf6 Rxd8 17. Bxd8 Be6 18. Bxc7 Bf5 19. Bd5 Re8 20. e4 Bxe4 21. Bxe4 Rxe4 22. Re3 Rxe3 23. fxe3 Kf8 24. Kf2 Ke7 25. e4 g6 26. Ke3 Ke6 27. e5 Kd5 28. b3 b5 29. g4 a5 30. Bxa5 Kxe5 31. Bc3+ Ke6 32. g5 Kd5 33. Kf4 Ke6 34. a4 bxa4 35. bxa4 Kd7 36. Ke5 f5 37. gxf6 g5 38. Kf5 h5 39. Kxg5 1-0

[Event "Lansing op"]
[Site "Lansing"]
[Date "2002.09.01"]
[Round "4"]
[White "Gattinger, John"]
[Black "Moore, Robert"]
[Result "1/2-1/2"]
[WhiteElo "1488"]
[BlackElo "1609"]
[PlyCount "76"]
[EventDate "2002.08.30"]
[EventType "swiss"]
[EventRounds "7"]
[EventCountry "USA"]
[SourceTitle "EXT 2007"]
[Source "ChessBase"]
[SourceDate "2006.11.23"]
[SourceVersion "1"]
[SourceVersionDate "2006.11.23"]
[SourceQuality "1"]

1. d4 Nf6 2. c4 d6 3. Nc3 g6 4. e4 Bg7 5. f3 0-0 6. Be3 e5 7. d5 Nh5 8. Nge2 f5 9. Qd2 Nf6 10. 0-0-0 Na6 11. a3 c5 12. Nb5 Nc7 13. Nxc7 Qxc7 14. Nc3 a6 15. Be2 Bd7 16. h4 Nh5 17. g4 Ng3 18. Rhg1 Nxe2+ 19. Qxe2 f4 20. Bf2 Rab8 21. a4 Qb6 22. Qc2 Qa5 23. Kd2 Qb4 24. b3 b5 25. Kd3 bxc4+ 26. bxc4 Qb2 27. a5 Qxc2+ 28. Kxc2 Bf6 29. Rb1 Rfc8 30. Rxb8 Rxb8 31. Rb1 Rxb1 32. Nxb1 Bd8 33. Be1 Ba4+ 34. Kc1 Bd7 35. Kd1 h5 36. g5 Ba4+ 37. Ke2 Bd7 38. Na3 Kf7 1/2-1/2

[Event "Lansing op"]
[Site "Lansing"]
[Date "2002.09.01"]
[Round "5"]
[White "Steen, Harold"]
[Black "Gattinger, John"]
[Result "1-0"]
[WhiteElo "1642"]
[BlackElo "1488"]
[PlyCount "101"]
[EventDate "2002.08.30"]
[EventType "swiss"]
[EventRounds "7"]
[EventCountry "USA"]
[SourceTitle "EXT 2007"]
[Source "ChessBase"]
[SourceDate "2006.11.23"]
[SourceVersion "1"]
[SourceVersionDate "2006.11.23"]
[SourceQuality "1"]

1. d4 e6 2. e3 Nf6 3. Bd3 c5 4. Nf3 Nc6 5. Nbd2 cxd4 6. exd4 g6 7. 0-0 Bg7 8. c3 0-0 9. Re1 Re8 10. Ne4 Nxe4 11. Bxe4 d5 12. Bc2 Bd7 13. Qd3 f5 14. Ne5 Nxe5 15. dxe5 Qc7 16. f4 a6 17. h4 Rad8 18. Qg3 Bc6 19. b3 Bf8 20. h5 Kg7 21. Bb2 b5 22. Rad1 Qa7+ 23. Kh1 Bc5 24. Re2 Kf7 25. Qg5 Be7 26. Qh6 Rh8 27. g4 d4+ 28. Kh2 Bf3 29. gxf5 Bxh5 30. Rxd4 Bxe2 31. f6 Rdg8 32. fxe7 Qxe7 33. Be4 Bh5 34. Kg3 Rd8 35. Ba3 Qe8 36. Bd6 Kg8 37. c4 bxc4 38. Rxc4 Qf7 39. Rc7 Qxc7 40. Bxc7 Rd4 41. Bd6 Kf7 42. Qg5 Re8 43. Bc6 Rd3+ 44. Kh4 h6 45. Qf6+ Kg8 46. Bxe8 Rd1 47. Qxe6+ Kh7 48. Qf7+ Kh8 49. Bf8 g5+ 50. Kxh5 Rh1+ 51. Kg6 1-0